| 000 | 00464cam a2200181ua 4500 | ||
|---|---|---|---|
| 020 | _c7.50 | ||
| 041 |
_aeng _h |
||
| 082 |
_a539.762 _bJAW/NU |
||
| 100 | _aJawaharlal, Nehru . | ||
| 245 |
_aNuclear explosion and their effects / _cJawaharlal Nehru. _hTextual Documents |
||
| 250 |
_a1 / _b. |
||
| 260 |
_aIndia : _bMinistry of I&B, Govt. of India , _c1958. |
||
| 300 | _a340 ; . | ||
| 365 | _a7.50 | ||
| 504 | _a | ||
| 942 | _cBK | ||
| 999 |
_c7457 _d7457 |
||